Statistics for General Knowledge Quiz #17

Click here to take the quiz!

General Stats

  • This quiz has been taken 73,205 times
    (26,486 since last reset)
  • The average score is 11 of 20

Answer Stats

Question Answer % Correct
What type of weapon does Thor carry?Hammer
95%
Who is currently second in line to the British throne?Prince William
75%
What singer's fans are known as KatyCats?Katy Perry
70%
What is the southernmost U.S. state?Hawaii
69%
What suffix means "study of"?logy
66%
What country has the most Shia Muslims?Iran
64%
What athlete is known as "Rafa"?Rafael Nadal
60%
What supersonic airplane was jointly developed by France and the UK?Concorde
58%
What do submarines use to see above the water when submerged?Periscope
56%
In what country would you find Lake Baikal?Russia
51%
What gentle shark is the largest species of fish?Whale Shark
49%
What is often considered to be the world's fifth ocean, after the
Pacific, Atlantic, Indian, and Arctic?
Southern Ocean
48%
What type of word are "kayak", "sagas", and "radar" examples of?Palindrome
47%
What alcoholic beverage is made from fermented honey?Mead
47%
In Greek mythology, what did the primordial goddess Gaia personify?The Earth
46%
In the U.K., it is called Shrove Tuesday or Pancake Day. What is it called in the U.S.?Fat Tuesday
44%
What vocal range comes between tenor and a bass?Baritone
40%
With what type of tree is the country of Lebanon closely associated?Cedar
37%
What band was formed by brothers Isaac, Taylor, and Zac?Hanson
32%
What Bible character had the longest life span - 969 years?Methuselah
30%

Score Distribution

Percentile by Number Answered

Percent of People with Each Score

Your Score History

You have not taken this quiz since the last reset